000
00245nam a2200109Ia 4500
008
220204s9999 xx 000 0 und d
082
_a
82-3
_b
ROI
100
_a
Roiphe, Anne
245
0
_a
Torch song
260
_a
New York
_b
Nal
_c
1977
942
_c
BK
999
_c
33476
_d
33476